[Event "Budapest FS04 GM-A"]
[Site "Budapest"]
[Date "2002.04.10"]
[Round "9"]
[White "Hoang, Thanh Trang"]
[Black "Antal, Gergely"]
[Result "0-1"]
[WhiteElo "2426"]
[BlackElo "2457"]
[Annotator "Dautov,R"]
[PlyCount "58"]
[EventDate "2002.04.02"]
[EventType "tourn"]
[EventRounds "13"]
[EventCountry "HUN"]
[EventCategory "9"]
[SourceTitle "CBM 089"]
[Source "ChessBase"]
[SourceDate "2002.08.12"]
[SourceVersion "1"]
[SourceVersionDate "2002.08.12"]
[SourceQuality "1"]

{[%mdl 32768]} 1. d4 d5 2. c4 Nc6 3. cxd5 Qxd5 4. e3 e5 5. Nc3 Bb4 6. Bd2 Bxc3
7. bxc3 Nf6 8. f3 O-O 9. e4 Qd6 10. d5 Ne7 11. c4 Nd7 (11... Nh5 $6 12. Qb3 c5
13. Ne2 f5 14. Nc3 b6 15. Bd3 Ng6 16. g3 $14 {Piket,J-Morozevich,A/Wijk aan
Zee 2001}) 12. Ne2 f5 $1 $146 {[%mdl 8] Eine wichtige Verbesserung. Schwarz
startet sein Gegenspiel ohne Vorbereitung und erschwert damit die Rochade des
Gegners.} (12... Nc5 13. Nc3 f5 14. Be3 fxe4 15. Nxe4 Nxe4 16. fxe4 Qg6 17. Qc2
$14) ({Nach} 12... b6 13. Nc3 a6 14. Be2 Nc5 15. O-O f5 16. Be3 Bd7 17. a4 Ng6
18. a5 $14 {beendet Weiß erfolgreich seine Entwicklung und kommt in Vorteil,
Dautov,R-Miladinovic,I/Yerevan 1996}) 13. Nc3 Qg6 $1 14. Qe2 ({Auch} 14. Qc2 {
/\Be3,Bd3} Nf6 $1 {garantiert Weiß kein unbeschwertes Leben:} 15. Be3 (15. g3
fxe4 16. fxe4 Ng4 17. Nd1 $13) 15... fxe4 16. Nxe4 (16. fxe4 Ng4 17. Bg1 (17.
Bc5 $2 Nxh2 $1 $40) 17... Qg5 18. Qe2 $13) 16... Nf5 17. Bc5 Nd4 18. Bxd4 exd4
$11 19. Bd3 Nxe4 20. Bxe4 Bf5 21. Bxf5 Rxf5 22. O-O Rxf3 23. Qxg6 Rxf1+ 24.
Rxf1 hxg6 25. Rd1 $11) 14... Nf6 15. Qe3 fxe4 16. Nxe4 (16. fxe4 Ng4 17. Qg5
Qf7 $40) 16... Nxe4 (16... Nf5 17. Qg5 Qxg5 18. Bxg5 Nxe4 19. fxe4 Nd4 20. Bd3
$14) 17. Qxe4 (17. fxe4 $2 Rf4 18. Bd3 Qxg2 19. O-O-O Ng6 $17) 17... Bf5 {
Das Bauernopfert ist sehr verlockend, aber die Stellung des weißen Königs ist
recht sicher.} ({Das schlichte} 17... Qf6 18. Bc3 Ng6 19. Qe3 Bf5 $11 {sorgte
für etwa gleiches Spiel.}) 18. Qxe5 Nc6 (18... Rae8 $5 19. Kf2 c6 $44) 19. Qc3
$1 ({Zu gierig wäre} 19. Qxc7 $2 Qf6 20. Rc1 Rae8+ 21. Kd1 Rf7 22. Qg3 Qb2 $17)
19... Rae8+ 20. Kf2 Ne5 21. h3 $2 ({Besser war} 21. Re1 $1 Ng4+ 22. Kg1 Rxe1
23. Bxe1 {, und Schwarz muß seine Kompensation noch nachweisen.}) 21... h5 $2 (
{Schwarz läßt die Chance aus, seinen Angriff mit} 21... Bd3 $1 {zu verstärken,
z.B.} 22. Re1 Bxf1 23. Kxf1 Qg3 $40) 22. Bf4 $4 {[%mdl 8192] Dieser Patzer
führt zum sofortigen Verlust.} (22. Re1 $1 h4 23. Bf4 $16) 22... Nd3+ 23. Bxd3
Bxd3 24. Be5 Rxe5 $1 25. Qxe5 Re8 26. Qb2 h4 $1 {Die Pointe der schönen
Kombination. Weiß ist hilflos.} 27. g4 hxg3+ 28. Kg1 Qf5 29. Qb5 Re5 0-1

[Event "ESP-chT"]
[Site "Sanxenxo"]
[Date "2004.11.18"]
[Round "1"]
[White "Glavina, Pablo"]
[Black "Romero Holmes, Alfonso"]
[Result "0-1"]
[WhiteElo "2458"]
[BlackElo "2514"]
[Annotator "Dautov,R"]
[PlyCount "60"]
[EventDate "2004.11.18"]
[EventType "team"]
[EventRounds "9"]
[EventCountry "ESP"]
[SourceTitle "CBM 105"]
[Source "ChessBase"]
[SourceDate "2005.04.11"]
[SourceVersion "1"]
[SourceVersionDate "2005.04.11"]
[SourceQuality "1"]

1. d4 d5 2. c4 Nc6 3. cxd5 Qxd5 4. e3 e5 5. Nc3 Bb4 6. Bd2 Bxc3 7. bxc3 Nf6 8.
Ne2 $5 {Ein logischer Entwicklungszug, der mit einer taktischen Idee verbunden
ist. Die Hauptfortsetzung 8.f3 hat nach der Partie Hoang Thanh Trang-Antal,G
viele Anhänger verloren.} (8. f3 O-O 9. e4 Qd6 10. d5 Ne7 11. c4 Nd7 12. Ne2 f5
$1 13. Nc3 Qg6 $1 14. Qe2 Nf6 15. Qe3 fxe4 16. Nxe4 Nxe4 17. Qxe4 {Hoang Thanh
Trang-Antal,G/Budapest 2002} Qf6 $11) 8... O-O ({In Frage kommt} 8... Qd6 $5 {
, um 9.c4 zu verhindern, z.B,} 9. Ng3 O-O 10. Be2 Re8 11. O-O $13) 9. Ng3 $2
$146 {Das ist sicherlich keine gute Idee, wie Romero Holmes überzeugend
beweisen wird. Deutlich besser ist 9.c4!, wonach Weiß sein Bauernzentrum
voranbringt, ohne mit f2-f3 Zeit zu verlieren.} (9. c4 $1 Qd6 (9... Qxc4 $4 10.
Nf4 $18) 10. d5 Ne7 11. Nc3 (11. Ng3 Nd7 12. e4 Nc5 13. Be2 f5 14. exf5 Nxf5
15. O-O Bd7 16. Bb4 Nxg3 17. hxg3 b6 18. Bg4 Rad8 19. Bxd7 Rxd7 20. Qe2 Re7 21.
Qe3 $14 {Halkias,S-Kapnisis,S/Greece 1995}) 11... c6 (11... Bf5 12. f3 e4 13.
g4 Bd7 14. g5 exf3 15. gxf6 Qxf6 16. Ne4 $18 {Bagaturov,G-Michailidis,A/Nikea
2000}) 12. e4 Nd7 13. Be2 f5 14. O-O Nf6 15. Qb3 Kh8 16. f3 $14 {Halkias,S-Bae,
T/Port Erin 2003}) 9... exd4 10. cxd4 Re8 $1 {[%mdl 128]} 11. Bc3 h5 $1 {
Stark gespielt! Weiß hat offensichtlich Probleme mit der Entwicklung seines
Bf1 und wird h5-h4 nicht zulassen wollen.} 12. h4 (12. Qb3 h4 13. Ne2 Qe4 $36)
(12. Be2 Qxg2 13. Bf3 Qh3 14. Bxh5 Be6 $15) 12... Qd6 $1 {Schwarz ändert die
Angriffsrichtung und stellt die Drohungen Rxe3 und Nf6-d5xe3 auf.} 13. Bd3 {
Weiß kann den Einschlag auf e3 nicht vernünftig verhindern.} (13. Nxh5 Nd5 $1 (
13... Nxh5 $2 14. Qxh5 Nxd4 15. Bd3 $16) 14. Qb3 Nxe3 $1 15. fxe3 Bg4 16. Be2
Bxe2 (16... Rxe3 $4 17. O-O $18) 17. Kxe2 Qh6 18. Kf1 Qxh5 19. Rh3 b6 $15) (13.
Qd3 Bg4 14. Be2 Nd5 $36) 13... Rxe3+ (13... Nd5 14. Bd2 Nxe3 15. Bxe3 Rxe3+ 16.
fxe3 Qxg3+ 17. Kd2 Bg4 18. Qg1 (18. Qf1 Re8 19. Re1 Qd6 $40) 18... Re8 19. Rb1
$15) 14. fxe3 Qxg3+ 15. Kd2 (15. Kf1 $2 Nd5 16. Bd2 Nxe3+ 17. Bxe3 Qxe3 $17)
15... Qxg2+ {Schwarz hat bereits zwei Bauern für die geopferte Qualität, und
der weiße König ist auf Wanderschaft.} 16. Qe2 {Ein verständliche Entscheidung,
aber das entstehende Endspiel ist alles andere als angenehm für Weiß.} (16. Kc1
Bg4 17. Qf1 Qd5 $15) 16... Ne4+ 17. Kc2 ({Besser war} 17. Bxe4 Qxe4 18. Qd3 Bf5
19. Qxe4 Bxe4 20. Rhg1 g6 $15 {/\Ne7}) 17... Qxe2+ 18. Bxe2 Bf5 19. Bd3 Re8 20.
Rhf1 Ne7 21. Rae1 Bg6 $17 22. Bd2 Nd5 {Die weißen Türme sind erstaunlich
hilflos gegen die mobilen schwarzen Leichtfiguren.} 23. Bxe4 $2 {Verliert den
dritten Bauern und damit die Partie.} (23. Rf3 Re6 24. Rg1 Rc6+ 25. Kd1 Nec3+
26. Bxc3 Bxd3 27. Bd2 Ra6 $17) 23... Rxe4 $19 24. Kb3 Rxh4 25. Rf2 Be4 26. Ref1
f6 27. Rg1 Rg4 28. Rxg4 hxg4 29. Re2 Kf7 30. Be1 Bf3 0-1

[Event "Bundesliga 0001"]
[Site "Germany"]
[Date "2001.03.10"]
[Round "10.1"]
[White "Kishnev, Sergey"]
[Black "Rabiega, Robert"]
[Result "1-0"]
[WhiteElo "2495"]
[BlackElo "2487"]
[Annotator "Dautov,R"]
[PlyCount "39"]
[EventDate "2000.10.14"]
[EventType "team-tourn"]
[EventRounds "15"]
[EventCountry "GER"]
[SourceTitle "CBM 082"]
[Source "ChessBase"]
[SourceDate "2001.05.17"]
[SourceVersion "1"]
[SourceVersionDate "2001.05.17"]
[SourceQuality "1"]
[WhiteTeam "Gelsenkirchen Koenigsspringer"]
[BlackTeam "Koenig Tegel"]
[WhiteTeamCountry "GER"]
[BlackTeamCountry "GER"]

1. d4 {Atlas,V} d5 2. c4 Nc6 3. cxd5 Qxd5 4. e3 e5 5. Nc3 Bb4 6. Bd2 Bxc3 7.
Bxc3 exd4 8. Ne2 Nf6 9. Nxd4 O-O 10. Be2 $146 {Vorsicht Falle! An sich ist
dies ein anspruchsloser Zug, der bisher zurecht nicht gespielt wurde. Schwarz
kann auf eine einfache Weise eine zumindest ausgeglichene Stellung erreichen.
Es sei denn, er wird zu gierig...} (10. Nb5) 10... Qxg2 $2 {und nimmt den
vergifteten Bauern!} ({Korrekt ist} 10... Ne4 $1 {, wonach unter günstigen
Umständen einen weißen Läufer abtauscht. Nun muß sich Weiß bemühen, die
Stellung in der Balance zu halten.} 11. Bf3 (11. Nxc6 Qxc6 12. Bd4 Qg6 13. O-O
c5 $15) 11... Ne5 12. Bxe4 (12. O-O Nxf3+ 13. Qxf3 Nxc3 14. bxc3 Qxf3 15. Nxf3
Be6 $15) 12... Qxe4 13. O-O $11) 11. Bf3 Qg6 12. Nxc6 bxc6 13. Qd4 $1 {
Spätestens jetzt muß Rabiega seinen Bauernraub bereut haben. Was kann man dem
einfachen weißen Plan- 0-0-0, Rg1- entgegensetzen?} Qf5 $2 {Atlas,V: 'A wrong
decision.' Danach ist die Partie nicht mehr zu retten.} ({Vonnöten war} 13...
Bb7 $1 {Atlas,V: , and it is not too easy for White to develop his initiative,
as} 14. O-O-O {Atlas,V: 'is strongly met by'} c5 15. Qf4 Bxf3 16. Qxf3 Qe4 {
, und Schwarz entschlüpft in ein schlechteres Endspiel:} (16... Ne4 $2 17. Bxg7
$1 (17. Rdg1 Nxc3 18. Rxg6 fxg6 19. Qc6 Nxa2+ 20. Kb1 Nb4 21. Qxc5 a5 $14)
17... Ng5 18. Qg2 Kxg7 19. Rhg1 h6 20. h4 $16) 17. Qg3 Qe6 18. Rhg1 (18. e4 Ne8
$1) 18... g6 19. Qe5 Qxe5 20. Bxe5 $14) (13... Be6 {Atlas,V was also a
plausible choice, preventing further mobilization of the white pieces:} 14.
O-O-O $6 Bxa2 15. Rhg1 Qb1+ 16. Kd2 Qxd1+ 17. Kxd1 Rad8) 14. Bxc6 Rb8 15. Rg1
$18 Kh8 16. O-O-O {Atlas,V: 'This powerful move yields White an irresistible
attack.'' Gegen die Drohung 17.Rxg7 ist kein Kraut gewachsen.} Rb6 (16... Be6 {
Atlas,V falls short of} 17. Rxg7 Kxg7 18. Rg1+ Kh6 (18... Kh8 {Atlas,V} 19.
Qxf6+ Qxf6 20. Bxf6#) 19. Qh4+ Nh5 20. Bg7#) (16... h6 {Atlas,V fails to} 17.
Be4 Qxe4 18. Qxe4 (18. Qxf6 $5 {Atlas,V} gxf6 19. Bxf6+ Kh7 20. Rg7+ Kh8 21.
Rg4+ $16) 18... Nxe4 19. Bxg7+ Kh7 20. Bxf8 $18) 17. Qd8 $1 Qc5 (17... Rg8 18.
Qxg8+ $1 Kxg8 (18... Nxg8 {Atlas,V} 19. Bxg7#) 19. Rd8+) 18. Rg5 Nd7 19. Rxd7 (
19. Qe7 {Atlas,V} Qxc6 20. Rxd7 Rg8 21. Rd8) 19... Bxd7 20. Qe7 $1 {his
position is hopeless.} 1-0

[Event "Corus"]
[Site "Wijk aan Zee"]
[Date "2001.01.13"]
[Round "1"]
[White "Piket, Jeroen"]
[Black "Morozevich, Alexander"]
[Result "0-1"]
[WhiteElo "2632"]
[BlackElo "2745"]
[Annotator "Dautov,R"]
[PlyCount "80"]
[EventDate "2001.01.13"]
[EventType "tourn"]
[EventRounds "13"]
[EventCountry "NED"]
[EventCategory "19"]
[SourceTitle "CBM 081"]
[Source "ChessBase"]
[SourceDate "2001.03.20"]
[SourceVersion "1"]
[SourceVersionDate "2001.03.20"]
[SourceQuality "1"]

1. d4 d5 2. c4 Nc6 3. cxd5 Qxd5 4. e3 e5 5. Nc3 Bb4 6. Bd2 Bxc3 7. bxc3 Nf6 8.
f3 O-O (8... e4 9. c4 Qd6 10. Qb1 $1 Bf5 11. f4 O-O 12. Ne2 h5 13. d5 $1 Ne7
14. Bb4 Qd7 15. Nd4 Bg6 16. Be2 $14 {Avrukh,B-Miladinovic,I/Istanbul 2000}) (
8... Qd6) 9. e4 Qd6 10. d5 Ne7 11. c4 Nh5 $6 $146 {Eine neue Idee, bisher
blockierte Schwarz den Pc4 mit Nd7-c5. Stattdessen schließt Morozevich das
Zentrum mit c7-c5 und sucht ein aktives Spiel am Königsflügel.} (11... Nd7 12.
Ne2 b6 13. Nc3 a6 14. Be2 Nc5 15. O-O f5 16. Be3 Bd7 17. a4 Ng6 18. a5 Nf4 19.
axb6 cxb6 20. Rb1 $14 {Dautov,R-Miladinovic,I/Yerevan olm 1996}) 12. Qb3 {/\Bb4
} c5 13. Ne2 f5 14. Nc3 b6 15. Bd3 Ng6 (15... Nf4 16. Bxf4 (16. O-O Nxd3 17.
Nb5 $14) (16. Nb5 $5) 16... exf4 17. O-O Qe5 18. Rfe1 $1 $14 Qd4+ $2 19. Kh1
Qxd3 $2 20. Rad1 $18) 16. g3 $14 {Durch einige natürliche Entwicklungszüge
erreichte Weiß einen klaren Vorteil- ein Zeichen dafür, daß Morozevichs
Eröffnungsexperiment im 11.Zug mangelhaft war.} Qe7 17. exf5 $1 Bxf5 18. Bxf5
Rxf5 19. Ne4 {Kein schlechter Zug, aber gegen jemanden wie Morozevich wäre m.E.
etwas Trockenes eher geeignet:} (19. O-O Rff8 (19... Raf8 20. Ne4 $16 {/\g4})
20. Rad1 Nf6 21. Bg5 h6 22. Qc2 Qf7 23. Bxf6 gxf6 (23... Qxf6 24. Ne4 $16) 24.
Qf5 $16) 19... Nf6 20. Bg5 Qf8 21. Bxf6 gxf6 22. O-O-O $1 (22. O-O Rh5 $14 {
/\f5}) 22... Rh5 23. h4 Rh6 24. h5 $6 {Jeroen kann nicht aufhören, nach vorne
zu stürmen. Weiß steht klar überlegen und hätte die folgenden Komplikationen
gar nicht nötig.} ({Nichts sprach gegen eine ruhigere Vorgehensweise wie, z.B.
} 24. Qe3 $5 f5 (24... Ne7 25. g4 f5 $2 26. d6 $1 $18) 25. Ng5 $16) 24... Ne7
25. g4 f5 $1 26. g5 $6 (26. gxf5 $5 Nxf5 $14) 26... fxe4 $1 27. gxh6 Qf4+ 28.
Kb1 exf3 $13 {Das Qualitätsopfer hat das Blatt völlig gewendet. Plötzlich muß
Weiß sehr sorgfältig spielen, was ihm in herannahender Zeitnot nicht gelingt.}
29. Qd3 (29. Rhg1+ Kh8 30. Rg7 Nf5 $13) 29... Nf5 30. Rde1 Nd6 31. Rhg1+ Kh8
32. Rg7 Qxh6 33. Rd7 $6 (33. Re7 $5 Qxh5 34. Re6 $13) 33... Rf8 $17 34. Qc3 Qf6
35. h6 f2 $19 36. Rf1 Qf5+ 37. Ka1 Ne4 38. Qd3 Qxd7 39. Qxe4 Qf5 40. Rxf2 (40.
Qxf5 Rxf5 41. d6 Rf7 $19) 40... Qxf2 0-1

[Event "Capablanca Memorial Elite 40th"]
[Site "Havana"]
[Date "2005.05.17"]
[Round "12"]
[White "Ivanchuk, Vassily"]
[Black "Arencibia Rodriguez, Walter"]
[Result "1-0"]
[WhiteElo "2739"]
[BlackElo "2530"]
[Annotator "Dautov,R"]
[PlyCount "49"]
[EventDate "2005.05.06"]
[EventType "tourn"]
[EventRounds "14"]
[EventCountry "CUB"]
[EventCategory "15"]
[SourceTitle "CBM 107"]
[Source "ChessBase"]
[SourceDate "2005.08.01"]
[SourceVersion "1"]
[SourceVersionDate "2005.08.01"]
[SourceQuality "1"]

{[%mdl 32768]} 1. d4 d5 2. c4 Nc6 3. Nc3 dxc4 4. Nf3 Nf6 5. Bg5 {Eine
interessante Alternative zu der Hauptfortsetzung 5.e4.} (5. e4 Bg4 6. Be3 e6 7.
Bxc4 Bb4) 5... a6 (5... h6 6. Bh4 a6 (6... e6 7. e3 $14) 7. e4 (7. d5 Na5 8. e4
b5 9. e5 b4 10. exf6 bxc3 11. bxc3 exf6 12. Qa4+ $1 c6 13. dxc6 Qe7+ 14. Be2
Qa3 $13 {Milov,V-Morozevich,A/Tilburg 1994}) 7... Bg4 8. d5 Ne5 9. Bg3 Nfd7 10.
Be2 Bxf3 11. gxf3 g6 12. f4 Nd3+ 13. Bxd3 cxd3 14. Qxd3 Bg7 15. O-O-O Nc5 $2
16. Qc4 Qd6 17. f5 $16 {Ivanchuk,V-Chibukhchian,A/Yerevan 2004}) 6. d5 Na7 $1 {
Dies ist besser als 6...Na5.} (6... Na5 7. e4 $1 (7. Qa4+ c6 8. b4 cxb3 9. axb3
e6 10. Bd2 b6 11. b4 Bxb4 12. Qxb4 exd5 13. e3 c5 14. Qa3 O-O $13 {Horvath,
P-Antal,G/Budapest 2003}) 7... h6 (7... c6 8. dxc6 Qxd1+ 9. Rxd1 bxc6 10. e5
$14) 8. Bf4 b5 9. e5 Nh5 10. Be3 $16) 7. e4 Nb5 8. Qa4 $146 {Eine logische
Neuerung, die weiße Dame holt den Bauern c4.} ({Anspruchsvoller, dafür aber
weniger klar ist} 8. Qc2 Nxc3 9. bxc3 b5 10. a4 Bb7 $13) 8... Bd7 9. Qxc4 Nxc3
10. bxc3 h6 (10... e6 $2 11. e5 exd5 12. Qe2 Bb5 13. Qc2 $18) 11. Bf4 $1 (11.
Bh4 e6 12. e5 g5 $13) 11... e6 $2 {Wahrscheinlch hat sich Arencibia irgendwo
verrechnet, sonst hätte er den Bauern c7 nicht abgegeben.} (11... b5 $1 12. Qd3
e6 $13) 12. Bxc7 exd5 13. exd5 Qe7+ 14. Be2 b5 ({Die naheliegende Variante} 
14... Bb5 15. d6 {ist günstig für Weiß, z.B.} Qxe2+ (15... Bxc4 16. dxe7 Bxe7
17. Bxc4 Rc8 18. Ne5 $16) 16. Qxe2+ Bxe2 17. Kxe2 Nd5 18. Rab1 $1 Nxc3+ (18...
b5 19. c4 $1 Nxc7 20. dxc7 $16) 19. Kd3 Nxb1 20. Re1+ Kd7 21. Ne5+ Ke6 22. Ng6+
Kd7 23. Nxh8 $16) (14... Qc5 15. Qxc5 Bxc5 16. c4 Ne4 17. O-O $16) 15. Qd4 $16
{Schwarz hat einen Bauern weniger und keinerlei Kompensation. Der Kampf dauert
nicht lange.} Qc5 16. Qe5+ Be7 17. d6 Qxe5 18. Nxe5 $18 Nd5 (18... Bd8 19.
O-O-O Bxc7 20. dxc7 Rc8 21. Nxd7 Nxd7 22. Bxb5 $1 Rxc7 23. Rhe1+ Kd8 24. Bxa6
Rxc3+ 25. Kb2 $18) 19. dxe7 Nxc7 20. Bf3 Rc8 21. O-O-O Be6 22. Nc6 Bd7 23. Rhe1
h5 24. Na7 Rb8 25. Bc6 1-0

[Event "Bundesliga 0304"]
[Site "Germany"]
[Date "2004.04.24"]
[Round "14.2"]
[White "Gustafsson, Jan"]
[Black "Berezovsky, Igor"]
[Result "1-0"]
[WhiteElo "2571"]
[BlackElo "2444"]
[Annotator "Dautov,R"]
[PlyCount "145"]
[EventDate "2003.11.01"]
[EventType "team-tourn"]
[EventRounds "15"]
[EventCountry "GER"]
[SourceTitle "CBM 101"]
[Source "ChessBase"]
[SourceDate "2004.07.27"]
[SourceVersion "1"]
[SourceVersionDate "2004.07.27"]
[SourceQuality "1"]
[WhiteTeam "Hamburger SK"]
[BlackTeam "Stuttgart"]
[WhiteTeamCountry "GER"]
[BlackTeamCountry "GER"]

1. Nf3 d5 2. d4 Nc6 3. c4 Bg4 4. Nc3 e6 5. cxd5 exd5 6. Bf4 {Diese simple Art,
Tschigorin zu behandeln, erfreut sich großer Popularität unter spielstarken
Profis. In der Tat, Weiß spielt die Karlsbader Bauernstruktur, in der der Nc6
bekannterweise mißplatziert ist.} Bxf3 (6... Bd6 7. Bg3 Bxg3 8. hxg3 Nge7 9. e3
h6 10. Bd3 O-O 11. a3 a6 12. Qc2 Qd7 13. Rc1 Rfe8 14. O-O Bf5 15. Bxf5 Nxf5 16.
Na4 $14 {Epishin,V-Gasthofer,A/Deizisau 2004}) (6... Bb4 7. e3 Nge7 8. h3 Bf5
9. Be2 $14) 7. gxf3 Bb4 $6 {Nicht der beste Entwicklungszug, Schwarz wird bald
seinen Läufer gegen den Nc3 tauschen müssen. Bessere Ausgleichschancen
versprach 7...Bd6.} (7... Bd6 8. Bg3 Nge7 9. e3 a6 10. Qc2 (10. a3 h5 11. Qc2
h4 12. Bxd6 Qxd6 13. f4 g6 14. Bd3 Kf8 15. Ne2 Nb8 16. Rc1 c6 17. Ng1 Nd7 18.
Nf3 Rc8 19. O-O $14 {Karpov,A-Piket,J/Monte Carlo 2000}) 10... h5 11. O-O-O h4
12. Bxd6 Qxd6 13. Bh3 $14 {Epishin,V-Bromann,T/Copenhagen 2002}) 8. e3 Nge7 9.
Qb3 O-O 10. O-O-O Bxc3 11. Qxc3 $14 {Auf den ersten Blick ist es eine
Traumstellung für Weiß - er hat das Läuferpaar, gute Angriffschancen auf dem
Königsflügel und eine bewegliche Bauernmasse im Zentrum. Dennoch hat Schwarz
ein gutes Verteidigungskonzept in petto, und die Partie wird
überraschenderweise durch einen Minoritätsangriff auf dem Damenflügel
entschieden.} Ng6 12. Bg3 f5 $1 {/\f4 Ein exzellenter Verteidigungszug! Auf
diese Weise fixiert Schwarz zumindest die Bauernstruktur auf dem Königsflügel.}
13. f4 Kh8 14. h4 $1 h6 15. h5 Nge7 16. Bh4 Qc8 17. Rg1 Ng8 18. Kb1 Nce7 19.
Be2 Nf6 20. Rc1 c6 21. Qc2 Qe6 22. Rg2 Ne4 23. Ka1 Rf7 24. Qb3 Qd7 25. Qa3 Qd6
$2 {Berezovsky hat sich soweit gut verteidigt, aber jetzt unterläuft ihm ein
schwerwiegender strategischer Fehler. Er hätte die Damen auf dem Brett
behalten und seine passive, aber feste Stellung abwartend verteidigen sollen.}
(25... a6 26. Rcg1 Re8 27. Bd3 Nd6) 26. Qxd6 Nxd6 27. b3 (27. b4 $1 $16) 27...
Ne4 28. Kb2 Re8 29. b4 $1 {Schwarz kann dem Minoritätsangriff nichts
entgegensetzen, denn er ist durch den starken Läufer h4 behindert.} a6 30. a4
Rb8 31. Rc2 $6 (31. b5 axb5 32. axb5 Nd6 33. bxc6 bxc6+ 34. Kc2 $16 {/\Rgg1})
31... Nd6 32. Rg1 $6 {Jans Wunsch, vor b4-b5 alle seine Figuren in optimale
Positionen zu bringen, ist verständlich, aber dasselbe tut auch Schwarz.
Entschiedener und besser war wie schon einen Zug zuvor b4-b5.} (32. b5 $1 $16)
32... Nec8 $1 33. Rg6 Rd7 34. Kb3 Nb6 $1 35. Be7 Ne4 36. Bh4 Nd6 37. Re6 Nbc4
38. Re7 Rxe7 39. Bxe7 Ne4 $2 {Auf dem Höhepunkt seiner heroischen Verteidigung
stellt Berezovsky einen Bauern ein.} (39... Kg8 $1 40. Bxd6 Nxd6 41. b5 axb5
42. axb5 Kf7 43. Kb4 Ke7 $14 {, und Schwarz sollte nicht verlieren.}) 40. Bxc4
dxc4+ 41. Kxc4 Re8 42. Bh4 $18 {Der Rest ist die Frage der Technik.} Re6 43.
Kd3 Kg8 44. f3 Nf6 45. Bxf6 Rxf6 46. Rc5 Kf7 47. Ke2 Ke7 48. b5 axb5 49. axb5
Kd6 50. bxc6 bxc6 51. Re5 Kd7 52. Kf2 Kd8 53. Ke1 Kd7 54. Kd2 Rf7 55. Kd3 Rf6
56. Kc3 Rf7 57. Kc4 Kd6 58. Re8 Ra7 59. e4 Ra4+ 60. Kd3 Ra3+ 61. Ke2 Ra2+ 62.
Ke3 Ra3+ 63. Kf2 Rd3 64. e5+ Kd7 65. Rg8 Rxd4 66. Rxg7+ Kd8 67. Ke3 Rd1 68. Rh7
c5 69. Rxh6 Rh1 70. Rh7 c4 71. h6 c3 72. Kd3 Ke8 73. e6 1-0